LDR 01109naa#a2200193#i#450# 001 RU\\bibl\123391 005 20260705154215.7 011 ## _a1994-4683 100 ## _a20230731b2023####ek#y0rusy0150####ca 102 ## _aRU 200 1# _aСРАВНИТЕЛЬНЫЙ АНАЛИЗ РЕЗУЛЬТАТОВ АНТРОПОМЕТРИЧЕСКОГО ИССЛЕДОВАНИЯ ЛЫЖНИКОВ-ДВОЕБОРЦЕВ И ПРЫГУНОВ НА ЛЫЖАХ С ТРАМПЛИНА _eЖурнальная статья 210 1# _aМосква _cНациональный государственный Университет физической культуры, спорта и здоровья им. П.Ф. Лесгафта _d2023 215 ## _a5 с. 608 ## _aЖурнальная статья _2local 675 ## _aЛыжный спорт. Бег на лыжах. Лыжные гонки. Лыжный кросс. 796.92 _z 700 #1 _aКлимов _gЕвгений Дмитриевич 700 #1 _aАрдашев _gАлександр Евгеньевич 700 #1 _aПопова _gАнна Ивановна 856 4# _auchzapiski.lesgaft.spb.ru _u